000 01047nam a2200301 4500
003 OSt
005 20260530115316.0
008 260506b1999 it a|||| |||| 00| 0 spa d
020 _a9783822845950
020 _a3822845957
040 _aICI
_bspa
_cICI
041 _aspa/eng
050 _aNA7451
_bL58 1999
100 _aTaschen, Angelika
_eeditor
_933694
245 1 0 _aVivir en Japón = Vivere in Giappone = Viver no Japao = Living in Japan /
_ceditado por Agelika Taschen
264 _aItalia :
_bTaschen,
_c1999
300 _a191 páginas :
_bilustraciones
336 _2rdacontent
_atexto
337 _2rdamedia
_asin medio
338 _2rdacarrier
_avolumen
500 _aObra ilustrada sobre arquitectura residencial y diseño interior japonés contemporáneo y tradicional
650 4 _aArquitectura doméstica
_zJapón
_91252
650 4 _aDiseño de interiores
_zJapón
650 4 _aViviendas
_zJapón
_933696
650 4 _aArquitectura japonesa
_933697
650 4 _aDecoración de interiores
_zJapón
_933698
942 _2lcc
_n1
_cBK
999 _c13592
_d13592